LEADER 02614nam 2200469 450 001 9910818557303321 005 20230814231022.0 010 $a1-350-11413-8 035 $a(CKB)4100000007584854 035 $a(MiAaPQ)EBC6167539 035 $a(MiAaPQ)EBC6177463 035 $a(EXLCZ)994100000007584854 100 $a20200727d2018 uy 0 101 0 $aeng 135 $aurcnu|||||||| 181 $ctxt$2rdacontent 182 $cc$2rdamedia 183 $acr$2rdacarrier 200 02$aA cultural history of dress and fashion in the Renaissance /$fedited by Elizabeth Currie 210 1$aLondon, England :$cBloomsbury Academic,$d[2018] 210 4$dİ2018 215 $a1 online resource (292 pages) $cillustrations 311 $a0-85785-751-7 320 $aIncludes bibliographical references and indexes. 330 8 $aA cultural history of dress and fashion' presents an authoritative survey from ancient times to the present. This set of six volumes covers over 2,500 years of dress and fashion. Volume 1: Antiquity (500BCE-800AD), edited by Mary Harlow; Volume 2: The Medieval Age (800-1450), edited by Sarah-Grace Heller; Volume 3: The Renaissance (1450-1650), edited by Elizabeth Currie; Volume 4: The Age of Enlightenment (1650-1800), edited by Peter McNeil; Volume 5: The Age of Empire (1800-1920), edited by Denise Amy Baxter; Volume 6: The Modern Age (1920-2000+), edited by Alexandra Palmer. Each volume discusses the same key themes in its chapters: 1. Textiles 2. Production and Distribution 3. The Body 4. Belief 5. Gender and Sexuality 6. Status 7. Ethnicity 8. Visual Representations 9. Literary Representations. This structure means readers can either have a broad overview of a period by reading a volume or follow a theme through history by reading the relevant chapter in each volume. Superbly illustrated, the full six volume set combines to present the most authoritative and comprehensive survey available on dress and fashion through history. 606 $aClothing and dress$xHistory 606 $aFashion$xHistory 606 $aFashion$zEurope$xHistory 606 $aClothing and dress$zEurope$xHistory 615 0$aClothing and dress$xHistory. 615 0$aFashion$xHistory. 615 0$aFashion$xHistory. 615 0$aClothing and dress$xHistory. 676 $a391.009 702 $aCurrie$b Elizabeth$c(Fashion designer),$f1967- 801 0$bMiAaPQ 801 1$bMiAaPQ 801 2$bMiAaPQ 906 $aBOOK 912 $a9910818557303321 996 $aA cultural history of dress and fashion in the Renaissance$93982715 997 $aUNINA LEADER 02774nam 22005653 450 001 9910164953003321 005 20241107102040.0 010 $a0-698-19400-4 035 $a(CKB)3710000001064313 035 $a(MiAaPQ)EBC6050116 035 $a(Au-PeEL)EBL6050116 035 $a(OCoLC)974003350 035 $a(ODN)ODN0002560615 035 $a(EXLCZ)993710000001064313 100 $a20210901d2017 uy 0 101 0 $aeng 135 $aurcnu|||||||| 181 $ctxt$2rdacontent 182 $cc$2rdamedia 183 $acr$2rdacarrier 200 10$aWait for Dark 205 $a1st ed. 210 $d2017 210 1$aEast Rutherford :$cPenguin Publishing Group,$d2017. 210 4$dİ2017. 215 $a1 online resource (221 pages) 225 1 $aBishop/Special Crimes Unit ;$vv.17 311 08$a0-425-28094-2 330 $a"An SCU team investigates a string of accidents, only to uncover a deadly and deliberate monster in the latest novel from New York Times bestselling author Kay Hooper. In Clarity, North Carolina, the residents have fallen victim to an unfortunate series of events. Seemingly random accidents have taken the lives of several citizens in the small mountain town. But these deadly coincidences are anything but. Something is on the hunt in Clarity, and the only clue as to what is a cryptic note given to the victims 24 hours before they meet their ends: "Wait for dark." Sheriff Mal Gordon knows how to handle his town, but he has no idea how to handle this. Hollis Templeton and her team from the Special Crimes Unit, including her partner and lover, telepath Reese DeMarco, are called in to investigate. But while the SCU has prepared them for the unknown, the incredible evil stalking Clarity shakes the team to its core when one of their own is targeted. Now Hollis, the "cat with nine lives" finds herself facing death again. And this time, not even her partner can protect her."--$cProvided by publisher. 410 0$aBishop/Special Crimes Unit 606 $aGovernment investigators$vFiction 606 $aMurder$xInvestigation$zNorth Carolina$vFiction 606 $aFICTION / Suspense$2bisacsh 606 $aFICTION / Mystery & Detective / Police Procedural$2bisacsh 608 $aMystery fiction.$2gsafd 608 $aSuspense fiction.$2gsafd 615 0$aGovernment investigators 615 0$aMurder$xInvestigation 615 7$aFICTION / Suspense. 615 7$aFICTION / Mystery & Detective / Police Procedural. 676 $a813.6 686 $aFIC030000$aFIC022020$2bisacsh 700 $aHooper$b Kay$01247522 801 0$bMiAaPQ 801 1$bMiAaPQ 801 2$bMiAaPQ 906 $aBOOK 912 $a9910164953003321 996 $aWait for Dark$92891934 997 $aUNINA LEADER 04812nam 22007695 450 001 9910299672203321 005 20260331225136.0 010 $a3-319-11023-3 024 7 $a10.1007/978-3-319-11023-3 035 $a(CKB)3710000000311792 035 $a(EBL)1968102 035 $a(SSID)ssj0001408092 035 $a(PQKBManifestationID)11856269 035 $a(PQKBTitleCode)TC0001408092 035 $a(PQKBWorkID)11347745 035 $a(PQKB)10903412 035 $a(DE-He213)978-3-319-11023-3 035 $a(MiAaPQ)EBC1968102 035 $a(PPN)183153863 035 $a(EXLCZ)993710000000311792 100 $a20141205d2015 u| 0 101 0 $aeng 135 $aur|n|---||||| 181 $ctxt 182 $cc 183 $acr 200 10$aAdvances in Water Resources Engineering /$fedited by Chih Ted Yang, Lawrence K. Wang 205 $a1st ed. 2015. 210 1$aCham :$cSpringer International Publishing :$cImprint: Springer,$d2015. 215 $a1 online resource (577 p.) 225 1 $aHandbook of Environmental Engineering,$x2512-1359 ;$v14 300 $aDescription based upon print version of record. 311 08$a3-319-11022-5 320 $aIncludes bibliographical references at the end of each chapters. 327 $a1. Watershed Sediment Dynamics and Modeling: A Watershed Modeling System for the Yellow River -- 2. Integrated Simulation of Interactive Surface Water and Ground Water Systems -- 3. River-Channel Stabilization with Submerged Vanes -- 4. Mathematic Modeling of Non-Equilibrium Sediment Transport, Reservoir Sedimentation, and Fluvial Processes -- 5. Minimum Energy Dissipation Rate Theory and its Applications for Water Resources Engineering -- 6. Hydraulic Modeling Development and Applications in Water Resources -- 7. Geophysical Methods for the Assessment of Earthen Dams -- 8. Soil Erosion on Upland Areas by Rainfall and Overland Flow -- 9. Advances in Geofluvial Modeling: Methodologies and Applications -- 10. Environmental and Water Engineering Glossary. 330 $aThe Handbook of Environmental Engineering is a collection of methodologies that study the effects of pollution and waste in their three basic forms: gas, solid, and liquid. A sister volume to Volume 15: Modern Water Resources Engineering, this volume focuses on the theory and analysis of various water resources systems including watershed sediment dynamics and modeling, integrated simulation of interactive surface water and groundwater systems, river channel stabilization with submerged vanes, non-equilibrium sediment transport, reservoir sedimentation, and fluvial processes, minimum energy dissipation rate theory and applications, hydraulic modeling development and application, geophysical methods for assessment of earthen dams, soil erosion on upland areas by rainfall and overland flow, geofluvial modeling methodologies and applications, and an environmental water engineering glossary. This critical volume will serve as a valuable reference work for advanced undergraduate and graduate students, designers of water resources systems, and scientists and researchers. 410 0$aHandbook of Environmental Engineering,$x2512-1359 ;$v14 606 $aWater$xPollution 606 $aFluid mechanics 606 $aEnvironmental sciences 606 $aEnvironmental engineering 606 $aBiotechnology 606 $aWaste Water Technology / Water Pollution Control / Water Management / Aquatic Pollution$3https://scigraph.springernature.com/ontologies/product-market-codes/U35040 606 $aEngineering Fluid Dynamics$3https://scigraph.springernature.com/ontologies/product-market-codes/T15044 606 $aEnvironmental Science and Engineering$3https://scigraph.springernature.com/ontologies/product-market-codes/G37000 606 $aEnvironmental Engineering/Biotechnology$3https://scigraph.springernature.com/ontologies/product-market-codes/U33000 615 0$aWater$xPollution. 615 0$aFluid mechanics. 615 0$aEnvironmental sciences. 615 0$aEnvironmental engineering. 615 0$aBiotechnology. 615 14$aWaste Water Technology / Water Pollution Control / Water Management / Aquatic Pollution. 615 24$aEngineering Fluid Dynamics. 615 24$aEnvironmental Science and Engineering. 615 24$aEnvironmental Engineering/Biotechnology. 676 $a333.7 676 $a363.7394 676 $a363.73946 676 $a620.1064 676 $a628 676 $a660.6 702 $aYang$b Chih Ted$f1940-$4edt$4http://id.loc.gov/vocabulary/relators/edt 702 $aWang$b Lawrence K.$4edt$4http://id.loc.gov/vocabulary/relators/edt 906 $aBOOK 912 $a9910299672203321 996 $aAdvances in Water Resources Engineering$92507750 997 $aUNINA